مكتبة جامعة عجلون الوطنية

فهرس بحث المكتبة

Normal view MARC view
  • البنوك - ادارة - جوانب اجتماعية - الاردن.

Entry Topical Term

Number of records used in: 3

001 - CONTROL NUMBER

  • control field: 65073

003 - CONTROL NUMBER IDENTIFIER

  • control field: JO-AjAnu

005 - DATE AND TIME OF LATEST TRANSACTION

  • control field: 20240323120018.0

008 - FIXED-LENGTH DATA ELEMENTS

  • fixed length control field: 240323|| aca||babn | a|a d

040 ## - CATALOGING SOURCE

  • Original cataloging agency: JO-AjAnu

150 ## - HEADING--TOPICAL TERM

  • Linkage: البنوك - ادارة - جوانب اجتماعية - الاردن.
  • Topical term or geographic name entry element: البنوك - ادارة - جوانب اجتماعية - الاردن.